000 00799nam a2200289 i 4500
001 000010576
003 DO-SdBNP
005 20260128055852.0
007 ta
008 091008s1976 dr 001 0 spa d
040 _aDO-SdBNP
_bspa
_cBNPHU
_erda
041 _aspa
082 _aRD861.44
_bN127c
_222
100 1 _aNadal, Pablo
_eautor
_922625
245 1 0 _aCien años de altura /
_cPablo Nadal.
246 1 4 _a100 años de altura
264 _aSanto Domingo :
_bTaller,
_c1976.
300 _a47 páginas ;
_c21 cm.
336 _ardacontent
_btexto
_2txt
337 _ardamedia
_bsin mediación
_2n
338 _ardacarrier
_bvolumen
_2nc
590 _aInventariado, 2026/DG
650 0 _aPoesía dominicana
_966
650 0 _aLiteratura dominicana.
_967
910 _aDG
942 _2ddc
_cLBS1
999 _c10334
_d10334